000 00553nam a2200193Ia 4500
005 20250326141247.0
008 250326s9999 xx 000 0 und d
020 _a0-415-07572-6
037 _aTextbook
040 _aFMSL
_beng
_cFMSL
041 _aeng
_2eng
084 _aX9W N3
_qFMSL
100 _aPendleton A
_9744036
245 0 _aPublic enterprise in transitions
_cPendleton A; Winterton J
260 _aUnited Kingdom
_bUnited Kingdom, Routledge
_c1993
300 _axiii,292
942 _cTB
_hX9W N3
999 _c1289483
_d1289483